[Event "Budapest Karacsonyi op 2nd"]
[Site "Budapest"]
[Date "2010.12.30"]
[Round "7"]
[White "Zahonyi, Abel Mark"]
[Black "Krstulovic, Alex"]
[Result "1-0"]
[WhiteElo "1742"]
[BlackElo "1526"]
[PlyCount "95"]
[EventDate "2010.12.27"]
[EventType "swiss"]
[EventRounds "7"]
[EventCountry "HUN"]
[SourceTitle "EXT 2022"]
[Source "ChessBase"]
[SourceDate "2021.10.06"]
[SourceVersion "1"]
[SourceVersionDate "2021.10.06"]
[SourceQuality "1"]

1. e4 c5 2. Nf3 d6 3. Nc3 Nc6 4. d4 cxd4 5. Nxd4 g6 6. Be3 Bg7 7. Qd2 Nf6 8. 0-0-0 0-0 9. Nxc6 bxc6 10. e5 Ne8 11. exd6 Qxd6 12. Qxd6 Nxd6 13. Bd4 Bg4 14. Bxg7 Kxg7 15. f3 Bf5 16. g4 Be6 17. b3 Rfd8 18. Bd3 Rd7 19. Ne4 Bd5 20. c4 Be6 21. Nc5 Rdd8 22. Nxe6+ fxe6 23. Rhe1 Rf8 24. Rxe6 Rae8 25. c5 Nb5 26. Rde1 Rxf3 27. Bxb5 cxb5 28. Rxe7+ Rxe7 29. Rxe7+ Kf6 30. Rxh7 Rc3+ 31. Kb2 Rxc5 32. Rxa7 Re5 33. Ra6+ Kg5 34. h4+ Kxg4 35. Rxg6+ Kxh4 36. Ka3 Re2 37. Kb4 Rxa2 38. Kxb5 Ra8 39. b4 Rb8+ 40. Kc5 Kh5 41. Rg7 Kh6 42. Rd7 Kg6 43. b5 Kf6 44. b6 Ke6 45. Rc7 Ke5 46. b7 Ke6 47. Kb6 Kd6 48. Rc8 1-0

[Event "HUN-chT2 0102"]
[Site "Hungary"]
[Date "2002.04.21"]
[Round "11"]
[White "Zahonyi, Abel Mark"]
[Black "Fodor, Tamas Sr"]
[Result "0-1"]
[WhiteElo "1745"]
[BlackElo "1943"]
[PlyCount "88"]
[EventDate "2001.??.??"]
[EventType "team"]
[EventRounds "11"]
[EventCountry "HUN"]
[SourceTitle "EXT 2004"]
[Source "ChessBase"]
[SourceDate "2003.11.25"]
[SourceVersion "1"]
[SourceVersionDate "2003.11.25"]
[SourceQuality "1"]

1. e4 e6 2. d4 d5 3. Nd2 Nc6 4. c3 Nf6 5. Bd3 e5 6. Qe2 Be6 7. Ngf3 exd4 8. Nxd4 Nxd4 9. cxd4 dxe4 10. Bxe4 Nxe4 11. Qxe4 Qd5 12. 0-0 0-0-0 13. Qxd5 Rxd5 14. Nf3 Be7 15. Be3 Bf6 16. h3 g5 17. Ne5 Rg8 18. Rfc1 Be7 19. f3 h5 20. g4 a6 21. Kg2 f6 22. Nc4 Kb8 23. Bf2 Rd7 24. Nd2 f5 25. Re1 Bd5 26. gxf5 g4 27. Ne4 gxf3+ 28. Kxf3 Rf8 29. Ke3 Rxf5 30. Rf1 Bf8 31. Bg3 Rdf7 32. Rxf5 Rxf5 33. Bf4 Rf7 34. Rf1 Kc8 35. Rf2 Bxa2 36. Ng5 Re7+ 37. Kd2 Rd7 38. Be3 Be7 39. Kc3 b6 40. h4 a5 41. b3 Bb1 42. Kc4 c6 43. Nf3 Bb4 44. d5 b5+ 0-1

[Event "HUN-chT2 0102"]
[Site "Hungary"]
[Date "2002.03.03"]
[Round "8"]
[White "Gadacsi, Miklos Jr"]
[Black "Zahonyi, Abel Mark"]
[Result "1-0"]
[WhiteElo "2099"]
[BlackElo "1745"]
[PlyCount "107"]
[EventDate "2001.??.??"]
[EventType "team"]
[EventRounds "11"]
[EventCountry "HUN"]
[SourceTitle "EXT 2004"]
[Source "ChessBase"]
[SourceDate "2003.11.25"]
[SourceVersion "1"]
[SourceVersionDate "2003.11.25"]
[SourceQuality "1"]

1. e4 e6 2. d4 d5 3. e5 c5 4. c3 Nc6 5. Nf3 cxd4 6. cxd4 Nge7 7. Nc3 a6 8. Bd3 b5 9. a3 Bb7 10. 0-0 h6 11. Be3 Na5 12. b4 Nc4 13. Nd2 Rc8 14. Ne2 Nb2 15. Qb3 Nxd3 16. Qxd3 Nf5 17. Nb3 Be7 18. Nf4 Rc6 19. Rac1 Rb6 20. Qd2 0-0 21. Nd3 Nxe3 22. Qxe3 Rc6 23. Nbc5 Qc7 24. f4 Bc8 25. g4 Bxc5 26. Nxc5 f6 27. exf6 Rxf6 28. Nd3 Rc4 29. Ne5 Rxc1 30. Rxc1 Qd8 31. g5 hxg5 32. fxg5 Rf5 33. g6 Qg5+ 34. Qxg5 Rxg5+ 35. Kh1 Bd7 36. Nxd7 Rxg6 37. Nb8 Rg4 38. Rd1 Re4 39. Rd3 Re1+ 40. Kg2 Re2+ 41. Kg3 e5 42. dxe5 Rxe5 43. Nxa6 d4 44. Nc7 Rg5+ 45. Kf4 Rh5 46. Rxd4 Rxh2 47. Nxb5 Rh4+ 48. Kg5 Rh6 49. a4 Kf7 50. Rd7+ Kf8 51. a5 Re6 52. Nd4 Ra6 53. Nf5 g6 54. Nd6 1-0

[Event "HUN-chT2 0102"]
[Site "Hungary"]
[Date "2001.09.30"]
[Round "1"]
[White "Szekely, Ferenc"]
[Black "Zahonyi, Abel Mark"]
[Result "1-0"]
[WhiteElo "1974"]
[BlackElo "1745"]
[PlyCount "113"]
[EventDate "2001.??.??"]
[EventType "team"]
[EventRounds "11"]
[EventCountry "HUN"]
[SourceTitle "EXT 2004"]
[Source "ChessBase"]
[SourceDate "2003.11.25"]
[SourceVersion "1"]
[SourceVersionDate "2003.11.25"]
[SourceQuality "1"]

1. e4 e6 2. d4 d5 3. Nd2 Nf6 4. e5 Nfd7 5. Bd3 c5 6. c3 Nc6 7. Ne2 b6 8. 0-0 cxd4 9. cxd4 Be7 10. Nf3 0-0 11. Bxh7+ Kxh7 12. Qc2+ g6 13. Qxc6 Ba6 14. Re1 Kg7 15. Qa4 Bd3 16. Ng3 Qc7 17. Qb3 Qc4 18. Qxc4 dxc4 19. Re3 Bc2 20. Bd2 Rac8 21. b3 Ba3 22. Bc3 Be7 23. Bb2 Rc7 24. Rc3 Bd3 25. a3 Rfc8 26. Ne1 Bg5 27. Nxd3 cxd3 28. Ne4 Rxc3 29. Bxc3 Bh6 30. Rd1 f5 31. exf6+ Nxf6 32. d5 exd5 33. Bxf6+ Kf8 34. Nc3 d2 35. Bd4 Bg7 36. Bxg7+ Kxg7 37. Nxd5 Rc1 38. Ne3 Rc3 39. Kf1 Rxb3 40. Ra1 Rb2 41. Nd1 Rc2 42. Ke2 Kf6 43. Rb1 Ke5 44. Rb2 Rc4 45. Rxd2 Ra4 46. Rd3 Rh4 47. Ne3 a6 48. Rb3 b5 49. Rb4 Rh7 50. a4 Ke6 51. h3 Rb7 52. axb5 axb5 53. Nc2 Kd5 54. Nd4 Re7+ 55. Kd3 Rf7 56. Rxb5+ Kd6 57. f3 1-0